[Event "Jm KP I 24-25 Lipovec-Loko Brno B"]
[Site "?"]
[Date "2025.01.05"]
[Round "26.6"]
[White "Mikolas, Jakub"]
[Black "Slouka, Lukas"]
[Result "0-1"]
[WhiteElo "1868"]
[BlackElo "1945"]
[PlyCount "120"]
[EventDate "2024.??.??"]

1. d4 b6 2. e4 Bb7 3. Bd3 Nf6 4. Nc3 e6 5. Nf3 Bb4 6. e5 Ne4 7. Bxe4 Bxe4 8.
O-O Bb7 9. Bg5 Be7 10. Bxe7 Qxe7 11. Nb5 d5 12. exd6 cxd6 13. d5 a6 14. Nc3 e5
15. Re1 O-O 16. Qd2 Qd8 17. Ne4 h6 18. Qb4 Bxd5 19. Qxd6 Bxe4 20. Qxd8 Rxd8 21.
Rxe4 f6 22. Kf1 Nc6 23. Ke2 Rd6 24. Rd1 Rad8 25. Rxd6 Rxd6 26. c3 Kf7 27. Nd2
b5 28. f4 f5 29. Re3 exf4 30. Rf3 g5 31. Nb3 Ne5 32. Rf1 Nc4 33. Nd4 Kg6 34. g3
Nxb2 35. gxf4 g4 36. Re1 b4 37. Ke3 bxc3 38. Rc1 Na4 39. a3 h5 40. Ne2 h4 41.
Nxc3 Rc6 42. Ne2 Rxc1 43. Nxc1 Nc3 44. Nd3 Kh5 45. Kf2 Nd5 46. Nc5 a5 47. Nb7
a4 48. Nc5 Nc3 49. Ne6 Ne4+ 50. Kg2 Kg6 51. Nd4 Kf6 52. h3 Nd6 53. Nc2 Nc4 54.
Kh2 g3+ 55. Kg2 Ke6 56. Nd4+ Kd5 57. Nxf5 Nxa3 58. Nxh4 Nc4 59. Nf3 a3 60. Ne1
Ne3+ 0-1

[Event "Jm KP I 24-25 Lipovec-Loko Brno B"]
[Site "?"]
[Date "2025.01.05"]
[Round "26.7"]
[White "Mizak, Jan"]
[Black "Lisik, Miroslav"]
[Result "0-1"]
[WhiteElo "1922"]
[BlackElo "1812"]
[PlyCount "55"]
[EventDate "2024.??.??"]

1. d4 Nf6 2. Bf4 c5 3. c3 Qb6 4. Qb3 Qxb3 5. axb3 cxd4 6. Bxb8 Rxb8 7. Rxa7 e5
8. b4 d5 9. Nf3 Bd6 10. Nbd2 O-O 11. g3 dxc3 12. bxc3 d4 13. cxd4 exd4 14. Nxd4
Bxb4 15. Ra4 Bc3 16. N4f3 b5 17. Ra7 Ne4 18. Bg2 Rd8 19. O-O Nxd2 20. Nxd2 Rxd2
21. Re7 Be6 22. e3 b4 23. Rc7 Ra2 24. Be4 Ra1 25. Bb1 Ba2 26. Rxc3 bxc3 27.
Bxh7+ Kxh7 28. Rxa1 0-1

[Event "Jm KP I 24-25 Orechov-Kurim B"]
[Site "?"]
[Date "2025.01.05"]
[Round "27.1"]
[White "Danada, Tomas"]
[Black "Krena, Bohuslav"]
[Result "1-0"]
[WhiteElo "2175"]
[BlackElo "1949"]
[PlyCount "79"]

1. c4 e6 2. g3 c6 3. Bg2 d5 4. Qc2 f5 5. Nf3 Nf6 6. O-O Bd6 7. Nc3 O-O 8. d3 e5
9. cxd5 cxd5 10. Bg5 Be6 11. Qb3 Qd7 12. Bxf6 d4 13. Nd5 gxf6 14. Nd2 Nc6 15.
Nc4 Bc5 16. Qb5 b6 17. Ndxb6 axb6 18. Bxc6 Qc7 19. b4 Rac8 20. Bg2 Bd7 21. Qa6
Bxb4 22. Qxb6 Bc3 23. Rab1 Kg7 24. Nd6 Qxb6 25. Rxb6 Rc7 26. Rfb1 Kg6 27. Bd5
Rc5 28. Bc4 Ba5 29. Rb7 Bc7 30. Ra7 f4 31. Ne4 Rc6 32. Rbb7 Rc8 33. gxf4 exf4
34. Kg2 Kf5 35. Bb5 Rg8+ 36. Kf3 Ke5 37. Bxc6 Bg4+ 38. Kg2 Bxe2+ 39. Ng3 Bd6
40. Ra5+ 1-0

[Event "Jm KP I 24-25 Orechov-Kurim B"]
[Site "?"]
[Date "2025.01.05"]
[Round "27.2"]
[White "Keprt, Tomas"]
[Black "Tlaskal, Martin"]
[Result "1-0"]
[WhiteElo "1857"]
[BlackElo "2107"]
[PlyCount "119"]

1. d4 Nf6 2. c4 g6 3. Nc3 d5 4. Bf4 Bg7 5. e3 O-O 6. cxd5 Nxd5 7. Nxd5 Qxd5 8.
Bxc7 Na6 9. Bg3 Qa5+ 10. Qd2 Nb4 11. Rc1 Be6 12. a3 Rac8 13. axb4 Rxc1+ 14.
Qxc1 Qxb4+ 15. Qc3 Qa4 16. Qa3 Qc2 17. Ne2 Rc8 18. Qa1 b5 19. Nc3 b4 20. Nd1
Bf5 21. Qa6 Rc6 22. Qb5 Bf8 23. Be2 e5 24. d5 Rc5 25. Qa6 Rxd5 26. O-O Rd2 27.
Bxe5 Bg7 28. Bxg7 Kxg7 29. Bf3 Bd3 30. Qa1 Bxf1 31. Kxf1 Qc5 32. Qa4 a5 33. Ke1
Rc2 34. Qb3 Rc1 35. Qd3 Ra1 36. Qd4+ Qxd4 37. exd4 Kf6 38. Kd2 a4 39. Ne3 a3
40. bxa3 Ra2+ 41. Kd3 Rxa3+ 42. Kc4 b3 43. Kc3 h5 44. Nc4 Ra2 45. Nb2 Ke6 46.
Kxb3 Ra1 47. Nd3 h4 48. h3 Kd6 49. Kc4 Ra4+ 50. Kc3 Ra2 51. Nc5 f5 52. Nd3 g5
53. Nb2 Ra3+ 54. Kb4 Rxf3 55. gxf3 g4 56. fxg4 fxg4 57. Nc4+ Ke7 58. Ne3 gxh3
59. Ng4 Ke6 60. Kc5 1-0

[Event "Jm KP I 24-25 Orechov-Kurim B"]
[Site "?"]
[Date "2025.01.05"]
[Round "27.3"]
[White "Lakatos, Tomas"]
[Black "Kudla, Vladimir"]
[Result "1-0"]
[WhiteElo "2050"]
[BlackElo "1944"]
[PlyCount "35"]

1. e4 b6 2. Be2 Bb7 3. Bf3 e5 4. c3 Nf6 5. d4 Nc6 6. d5 Ne7 7. g4 d6 8. Ne2 Ng6
9. h4 h5 10. g5 Ng4 11. Ng3 Bc8 12. Na3 f6 13. gxf6 gxf6 14. Nxh5 Rxh5 15. Bxg4
Rh7 16. Bh5 Kf7 17. Rg1 Rg7 18. Qf3 1-0

[Event "Jm KP I 24-25 Orechov-Kurim B"]
[Site "?"]
[Date "2025.01.05"]
[Round "27.4"]
[White "Rubes, Pavel"]
[Black "Rehurek, Lukas"]
[Result "1-0"]
[WhiteElo "1947"]
[BlackElo "2118"]
[PlyCount "85"]

1. d4 Nf6 2. c4 c5 3. d5 e6 4. Nc3 exd5 5. Nxd5 Nxd5 6. Qxd5 Nc6 7. Bd2 d6 8.
e3 Be6 9. Qe4 Be7 10. Nf3 Bf6 11. Qc2 Qe7 12. Be2 O-O-O 13. a3 d5 14. cxd5 Bxd5
15. Rc1 Kb8 16. Bc3 Ne5 17. Qf5 Bxf3 18. Bxf3 Nd3+ 19. Ke2 Nxc1+ 20. Rxc1 Bxc3
21. Rxc3 Qd6 22. Qc2 Rc8 23. Rd3 Qa6 24. Ke1 Rhd8 25. Bd5 c4 26. Rd2 Qa5 27. e4
c3 28. bxc3 Qxc3 29. Qb2 Qxb2 30. Rxb2 Rc7 31. Kd2 Rd6 32. Kd3 Rb6 33. Rxb6
axb6 34. f4 b5 35. Kd4 Ka7 36. Ke5 Rc3 37. Kd6 f6 38. e5 fxe5 39. fxe5 Rxa3 40.
e6 Re3 41. e7 Rxe7 42. Kxe7 Kb6 43. Be4 1-0

[Event "Jm KP I 24-25 Orechov-Kurim B"]
[Site "?"]
[Date "2025.01.05"]
[Round "27.5"]
[White "Messerschmidt, Stanislav"]
[Black "Bocek, Tadeas"]
[Result "1/2-1/2"]
[WhiteElo "1941"]
[BlackElo "1906"]
[PlyCount "106"]

1. d4 e6 2. Bf4 d5 3. Nf3 Nf6 4. e3 Be7 5. Bd3 O-O 6. Nbd2 b6 7. Ne5 Bb7 8. h4
Nbd7 9. h5 Nxe5 10. dxe5 Ne4 11. Qg4 Ng5 12. Bxg5 Bxg5 13. f4 Bh6 14. Nf3 f5
15. Qh3 Qe7 16. c3 c5 17. g4 fxg4 18. Qxg4 d4 19. Rg1 Bxf3 20. Qxf3 dxe3 21.
O-O-O e2 22. Qxe2 Rxf4 23. Kb1 Raf8 24. Rg4 Rxg4 25. Qxg4 Rf4 26. Qh3 Qf7 27.
Bc4 Qe8 28. Bxe6+ Kh8 29. Bd7 Qxe5 30. Ba4 Rf8 31. Bc2 Qe2 32. a3 Bg5 33. Rh1
Qf3 34. Qxf3 Rxf3 35. Re1 Kg8 36. Re8+ Kf7 37. Ra8 a5 38. Bxh7 Rf6 39. Rb8 Bh6
40. Bg6+ Ke7 41. Rb7+ Kd8 42. Kc2 Kc8 43. Re7 Kd8 44. Ra7 Re6 45. a4 Re7 46.
Ra8+ Kc7 47. Rg8 Kd6 48. Kb3 Kc7 49. Kc4 Re2 50. b3 Rd2 51. Bf5 Rd8 52. Rxd8
Kxd8 53. Kd5 Kc7 1/2-1/2

[Event "Jm KP I 24-25 Orechov-Kurim B"]
[Site "?"]
[Date "2025.01.05"]
[Round "27.6"]
[White "Pesl, Jan"]
[Black "Kubat, Pavel"]
[Result "1-0"]
[WhiteElo "1877"]
[BlackElo "1950"]
[PlyCount "59"]

1. e4 c5 2. Nc3 g6 3. f4 Bg7 4. Nf3 d6 5. Bb5+ Nc6 6. d3 Bd7 7. Bxc6 bxc6 8.
O-O e6 9. Qe1 Ne7 10. Qf2 O-O 11. Bd2 Rb8 12. b3 f6 13. Rae1 Rc8 14. h3 Be8 15.
g4 Bf7 16. Ne2 d5 17. Qxc5 dxe4 18. dxe4 Qc7 19. Bc3 Rb8 20. Rd1 h5 21. g5 f5
22. Be5 Bxe5 23. Nxe5 Rb5 24. Qf2 fxe4 25. Rd7 e3 26. Qf3 Qa5 27. Rxe7 Qxa2 28.
Qxc6 Rd5 29. Qc7 Rd2 30. Rxf7 1-0

[Event "Jm KP I 24-25 Orechov-Kurim B"]
[Site "?"]
[Date "2025.01.05"]
[Round "27.7"]
[White "Kubicek, Pavel"]
[Black "Cihal, Jan"]
[Result "0-1"]
[WhiteElo "1861"]
[BlackElo "1945"]
[PlyCount "15"]

1. e4 c5 2. f4 g6 3. Nf3 e6 4. c3 Bg7 5. d4 cxd4 6. cxd4 Ne7 7. Nc3 O-O 8. Bd3
(8. Be3 d5 9. e5 a6 10. Rc1 Nbc6 11. Bd3 b5 12. O-O Bd7 13. Ne2 Rc8 14. Qd2 Qa5
15. b3 Rfd8 16. g4 Bf8 17. Qb2 Na7 18. b4 Qb6 19. Ng3 Rxc1 20. Rxc1 Rc8 21.
Rxc8 Naxc8 22. Qc1 Qc6 23. f5 exf5 24. gxf5 Nxf5 25. Bxf5 Bxf5 26. Nxf5 gxf5
27. Nh4 Ne7 28. Qe1 Kh8 29. Bg5 Qe6 30. Qg3 Ng6 31. Bf6+ Bg7 32. Qg5 Bxf6 33.
Nxg6+ fxg6 34. exf6 Kg8 35. h4 Kf7 36. h5 Qe1+ 37. Kg2 Qe2+ 38. Kg3 Qxh5 39.
Qc1 Qg4+ 40. Kh2 Qxd4 41. Qc7+ Kxf6 42. Qd8+ Kg7 43. Qc7+ Kh6 44. Qc1+ f4 45.
Qe1 Qe4 46. Qh4+ Kg7 47. Qd8 Qf5 48. Qe7+ Kh6 49. Kg1 Qg4+ 50. Kh2 Qf5 51. Kg1
Qe4 52. Qh4+ Kg7 53. Qd8 Qe3+ 54. Kf1 Qh3+ 55. Ke1 Qg3+ 56. Kd1 f3 57. Qd7+ Kh6
58. Qd6 Qf4) 0-1

[Event "Jm KP I 24-25 Orechov-Kurim B"]
[Site "?"]
[Date "2025.01.05"]
[Round "27.8"]
[White "Bauer, Miroslav"]
[Black "Paral, Stanislav"]
[Result "0-1"]
[WhiteElo "1832"]
[BlackElo "1953"]
[PlyCount "60"]

1. e4 g6 2. d4 Bg7 3. Nf3 c5 4. c3 cxd4 5. cxd4 Nf6 6. Nc3 d5 7. exd5 Nxd5 8.
Be2 O-O 9. O-O Nc6 10. Be3 Bf5 11. Qb3 Nxe3 12. fxe3 Rb8 13. Ng5 e6 14. Nge4
Bh6 15. Rf3 b6 16. Qb5 Rc8 17. Rd1 Qh4 18. Nd6 Rc7 19. Nxf5 exf5 20. Rh3 Qg5
21. Rg3 Qd8 22. Qxf5 Bxe3+ 23. Kh1 Bxd4 24. Ne4 Qe7 25. Bc4 Bxb2 26. Rxg6+ hxg6
27. Qxg6+ Bg7 28. Ng5 Rd8 29. Qh7+ Kf8 30. Rf1 Qxg5 0-1

[Event "Jm KP I 24-25 Univerzita B - Sloup"]
[Site "?"]
[Date "2025.01.05"]
[Round "28.1"]
[White "Gajdos, Daniel"]
[Black "Pokladnik, Milan"]
[Result "1-0"]
[WhiteElo "2113"]
[BlackElo "2033"]
[PlyCount "81"]

1. Nf3 Nf6 2. g3 b6 3. Bg2 Bb7 4. O-O e6 5. c4 Be7 6. d4 O-O 7. d5 exd5 8. Nh4
c6 9. cxd5 Nxd5 10. Nf5 Re8 11. e4 Nc7 12. Qg4 g6 13. Bf4 d6 14. Rd1 Bc8 15.
Nxe7+ Qxe7 16. Qf3 Rd8 17. Nc3 Nba6 18. Qd3 Ne8 19. e5 d5 20. Qe3 Nac7 21. Bg5
f6 22. exf6 Qxe3 23. fxe3 Kf7 24. e4 Bg4 25. Re1 d4 26. Nb1 Ne6 27. h4 Nc5 28.
e5 Rac8 29. Bf1 Nc7 30. Nd2 Be6 31. b4 Nd7 32. Nc4 Bxc4 33. Bxc4+ Ne6 34. Rad1
c5 35. b5 Rh8 36. Bh6 Rhd8 37. a4 Ndf8 38. Rd3 Rd7 39. a5 bxa5 40. Ra1 Rcc7 41.
Bxf8 1-0

[Event "Jm KP I 24-25 Univerzita B - Sloup"]
[Site "?"]
[Date "2025.01.05"]
[Round "28.2"]
[White "Bohacek, Milan"]
[Black "Ibrahim, Emad Eldin"]
[Result "1/2-1/2"]
[WhiteElo "2004"]
[BlackElo "2017"]
[PlyCount "103"]

1. e4 c5 2. Nc3 g6 3. d4 cxd4 4. Qxd4 Nf6 5. Nf3 Nc6 6. Qa4 d6 7. Bg5 Bg7 8.
O-O-O Ng4 9. Bh4 Qb6 10. Qb3 Qxb3 11. axb3 Bd7 12. Nd5 Rc8 13. h3 Nge5 14. Nxe5
dxe5 15. Bb5 f6 16. f3 Nd4 17. Bxd7+ Kxd7 18. c3 Ke6 19. b4 Kf7 20. Kb1 Nb5 21.
Rd3 Rhd8 22. Rhd1 e6 23. Ne3 Rxd3 24. Rxd3 Ke7 25. g4 h5 26. Nf1 hxg4 27. hxg4
Rh8 28. Bf2 Rh1 29. Rd1 Rh3 30. Rd3 b6 31. Kc2 Bh6 32. Nd2 Rh2 33. Be3 Bxe3 34.
Rxe3 Nd6 35. Kd3 Kd7 36. Re1 f5 37. gxf5 exf5 38. Ra1 a5 39. bxa5 bxa5 40. b3
Nb7 41. b4 axb4 42. cxb4 Nd6 43. Ra7+ Kc6 44. Ra6+ Kd7 45. exf5 gxf5 46. Nb3
e4+ 47. fxe4 Rh3+ 48. Kc2 Nxe4 49. b5 Rc3+ 50. Kb2 Rxb3+ 51. Kxb3 Nc5+ 52. Kc4
1/2-1/2

[Event "Jm KP I 24-25 Univerzita B - Sloup"]
[Site "?"]
[Date "2025.01.05"]
[Round "28.3"]
[White "Moulis, Mojmir"]
[Black "Sevcik, Leos"]
[Result "1/2-1/2"]
[WhiteElo "2027"]
[BlackElo "2001"]
[PlyCount "30"]

1. e4 d5 2. exd5 Qxd5 3. Nc3 Qa5 4. d4 c6 5. Nf3 Bg4 6. Be2 Nf6 7. O-O e6 8.
Ne5 Bxe2 9. Qxe2 Be7 10. Ne4 O-O 11. Ng5 Qa6 12. c4 c5 13. Be3 cxd4 14. Bxd4
Nc6 15. Nxc6 Qxc6 1/2-1/2

[Event "Jm KP I 24-25 Univerzita B - Sloup"]
[Site "?"]
[Date "2025.01.05"]
[Round "28.4"]
[White "Skocik, Marek"]
[Black "Hladik, Josef"]
[Result "1/2-1/2"]
[WhiteElo "1990"]
[BlackElo "1982"]
[PlyCount "43"]

1. e4 e5 2. Nf3 Nc6 3. Bc4 Bc5 4. d3 Nf6 5. c3 d6 6. a4 a5 7. O-O O-O 8. Nbd2
h6 9. Re1 Be6 10. Qb3 Qd7 11. Nf1 Ng4 12. Re2 Kh7 13. h3 Nf6 14. Be3 Bxe3 15.
fxe3 b6 16. Kh2 Ne7 17. Ng3 Ng6 18. Rf1 d5 19. exd5 Bxd5 20. Bxd5 Nxd5 21. c4
Nb4 22. d4 1/2-1/2

[Event "Jm KP I 24-25 Univerzita B - Sloup"]
[Site "?"]
[Date "2025.01.05"]
[Round "28.5"]
[White "Uhmann, Jan"]
[Black "Balaz, Frantisek"]
[Result "1-0"]
[WhiteElo "1961"]
[BlackElo "1911"]
[PlyCount "87"]

1. e4 g6 2. d4 Bg7 3. Nf3 d6 4. Nc3 Nc6 5. Bg5 Bg4 6. d5 Nd4 7. Qd3 Nxf3+ 8.
gxf3 Bd7 9. O-O-O c6 10. Bg2 Qa5 11. Bd2 c5 12. f4 b5 13. Kb1 b4 14. Ne2 Bb5
15. Qf3 Bc4 16. Nc1 Nf6 17. e5 Bxd5 18. Qh3 Ne4 19. exd6 Nxd2+ 20. Rxd2 Bxg2
21. d7+ Kf8 22. Qxg2 Rd8 23. Nb3 Qc7 24. Qd5 Bd4 25. Nxd4 cxd4 26. Rxd4 e6 27.
Qb5 Kg7 28. Rhd1 a5 29. Rc4 Qa7 30. Qe5+ f6 31. Qxe6 Qxf2 32. Qe7+ Kh6 33. Qxf6
Rhf8 34. Qg5+ Kg7 35. Qxa5 Qxh2 36. Qxb4 Rf7 37. Qc3+ Kg8 38. Rc8 Rff8 39. Rxd8
Rxd8 40. Qc4+ Kg7 41. a4 h5 42. Qd4+ Kf7 43. Qd5+ Kg7 44. Qg5 1-0

[Event "Jm KP I 24-25 Univerzita B - Sloup"]
[Site "?"]
[Date "2025.01.05"]
[Round "28.6"]
[White "Helebrand, Zdenek"]
[Black "Navratil, Jiri"]
[Result "1/2-1/2"]
[WhiteElo "1887"]
[BlackElo "1960"]
[PlyCount "43"]

1. e4 e6 2. d4 d5 3. Nc3 Bb4 4. e5 c5 5. Nf3 Nc6 6. a3 Ba5 7. b4 cxd4 8. Nb5
Bc7 9. Bf4 Nge7 10. Nbxd4 Ng6 11. Nxc6 bxc6 12. Bg3 a5 13. Bd3 Ba6 14. O-O Qb8
15. Bxa6 Rxa6 16. c3 Nxe5 17. Nxe5 Bxe5 18. Qe2 Bxg3 19. Qxa6 Bxh2+ 20. Kh1 O-O
21. g3 Bxg3 22. fxg3 1/2-1/2

[Event "Jm KP I 24-25 Univerzita B - Sloup"]
[Site "?"]
[Date "2025.01.05"]
[Round "28.7"]
[White "Tvrdy, Radovan"]
[Black "Spicak, Petr"]
[Result "1-0"]
[WhiteElo "1808"]
[BlackElo "1844"]
[PlyCount "69"]

1. e4 c6 2. d4 d5 3. exd5 cxd5 4. Bd3 Nc6 5. c3 Nf6 6. Ne2 Bg4 7. O-O e6 8. Qb3
Qd7 9. Bf4 Be7 10. a4 O-O 11. Na3 a6 12. Nc2 Rac8 13. Ne3 Bh5 14. Bg3 Bxe2 15.
Bxe2 Ne4 16. Qd1 Nxg3 17. hxg3 Bd6 18. Bd3 h6 19. Qh5 Qe7 20. f4 f5 21. g4 fxg4
22. Qg6 Qh4 23. Qxe6+ Kh8 24. Qg6 Kg8 25. Qxd6 Rce8 26. Nf5 Rxf5 27. Bxf5 Re2
28. Qxd5+ Kf8 29. Qc5+ Ne7 30. Bxg4 Qxg4 31. Rf2 Re6 32. f5 Rc6 33. Qe5 Rf6 34.
Re1 Rf7 35. Qb8+ 1-0

[Event "Jm KP I 24-25 Univerzita B - Sloup"]
[Site "?"]
[Date "2025.01.05"]
[Round "28.8"]
[White "Ochmansky, Vojtech"]
[Black "Sebek, Jan"]
[Result "1-0"]
[WhiteElo "1895"]
[BlackElo "1905"]
[PlyCount "105"]

1. b3 Nf6 2. Bb2 g6 3. e4 d6 4. Nf3 Bg7 5. g3 O-O 6. d3 Nc6 7. Bg2 Bd7 8. Nbd2
a5 9. O-O a4 10. Qe2 a3 11. Bc3 b5 12. Rae1 Nh5 13. Bxg7 Nxg7 14. e5 Ne6 15.
Qe3 Kg7 16. c3 Ra6 17. d4 d5 18. Nh4 b4 19. Bxd5 bxc3 20. Ndf3 Nb4 21. Bc4 Nc2
22. Qxc3 Nxe1 23. Bxa6 Nxf3+ 24. Nxf3 Qa8 25. Be2 Qd5 26. Rc1 g5 27. Bc4 Qe4
28. Bxe6 fxe6 29. Nxg5 Qg6 30. Qe3 Bc8 31. Nh3 h6 32. Nf4 Qg4 33. Rxc7 Qd1+ 34.
Kg2 Ba6 35. Qc1 Bb7+ 36. Kh3 Qf3 37. Rxb7 Rxf4 38. Rxe7+ Rf7 39. Rxf7+ Qxf7 40.
Qd1 Qxf2 41. Qg4+ Kh7 42. Qxe6 Qxd4 43. Qf7+ Kh8 44. e6 Qg7 45. Qxg7+ Kxg7 46.
Kg4 Kf6 47. Kh5 Kxe6 48. Kxh6 Kd5 49. g4 Kd4 50. g5 Kc3 51. g6 Kb2 52. g7 Kxa2
53. g8=Q 1-0

[Event "Jm KP I 24-25 Jundrov C - Hustopece"]
[Site "?"]
[Date "2025.01.05"]
[Round "29.2"]
[White "Vaculik, Martin"]
[Black "Svobodova, Michaela"]
[Result "0-1"]
[WhiteElo "1972"]
[BlackElo "2002"]
[PlyCount "97"]
[EventDate "2024.11.24"]

1. Nf3 d5 2. c4 c6 3. e3 Nf6 4. Nc3 a6 5. b3 Bg4 6. h3 Bh5 7. d4 e6 8. Bb2 Be7
9. Be2 Nbd7 10. O-O O-O 11. Ne5 Bxe2 12. Qxe2 Nxe5 13. dxe5 Nd7 14. f4 f6 15.
Qg4 f5 16. Qe2 Nc5 17. b4 Ne4 18. Nxe4 dxe4 19. Rfd1 Qb6 20. Bd4 Qc7 21. c5
Rfd8 22. Qc4 Kf7 23. Rdc1 Qd7 24. a4 g5 25. g3 gxf4 26. gxf4 Rg8+ 27. Kh2 Rg6
28. Rg1 Rag8 29. Rab1 Qe8 30. Rxg6 Rxg6 31. b5 Qg8 32. Qe2 axb5 33. axb5 Qg7
34. bxc6 bxc6 35. Qf2 Qh6 36. Rg1 Qh5 37. Rxg6 hxg6 38. Kg2 Qd1 39. Qb2 Qf3+
40. Kh2 Bh4 41. Qg2 Qxg2+ 42. Kxg2 Ke7 43. Kf1 Kd7 44. Ke2 Kc7 45. Kd2 Kb7 46.
Kc3 Ka6 47. Kb4 Be1+ 48. Ka4 Bd2 49. Kb3 0-1

[Event "Jm KP I 24-25 Jundrov C - Hustopece"]
[Site "?"]
[Date "2025.01.05"]
[Round "29.3"]
[White "Ruzicka, Frantisek"]
[Black "Hradek, Matias"]
[Result "1/2-1/2"]
[WhiteElo "2036"]
[BlackElo "1943"]
[PlyCount "222"]
[EventDate "2024.11.24"]

1. c4 c5 2. Nc3 Nc6 3. g3 g6 4. Bg2 Bg7 5. e3 d6 6. Nge2 e5 7. O-O Be6 8. d3
Nge7 9. Nd5 Bxd5 10. cxd5 Nb4 11. e4 O-O 12. a3 Na6 13. Be3 h6 14. Qd2 Kh7 15.
f4 f6 16. fxe5 fxe5 17. Rxf8 Qxf8 18. Rf1 Qg8 19. Qa5 Qd8 20. Qxd8 Rxd8 21. Rf7
Rd7 22. Bh3 Rc7 23. Nc3 Nxd5 24. Rxg7+ Kxg7 25. Nxd5 Rf7 26. Be6 Rf8 27. Kg2
Nb8 28. h4 Nc6 29. Bg4 Nd4 30. Nc7 Rb8 31. Bxd4 cxd4 32. Nb5 Rd8 33. Nxa7 d5
34. Bf3 dxe4 35. Bxe4 Ra8 36. Nb5 Ra5 37. Nd6 Rc5 38. b4 Rc2+ 39. Kf3 Ra2 40.
Bxb7 Rxa3 41. Ke4 Kf6 42. b5 Ra1 43. Nc4 Re1+ 44. Kd5 Re3 45. b6 Rxd3 46. Nxe5
Rxg3 47. Ba6 Rb3 48. b7 d3 49. Nxd3 Kf5 50. Ne5 h5 51. Nc6 Kg4 52. Nd4 Rb6 53.
Kc5 Rxb7 54. Bxb7 Kxh4 55. Kd5 Kg3 56. Ke4 h4 57. Ne2+ Kf2 58. Nf4 g5 59. Nh3+
Kg3 60. Nxg5 h3 61. Ke3 Kg4 62. Ne4 h2 63. Nf2+ Kf5 64. Nh1 Ke5 65. Kf3 Kd4 66.
Kg3 Ke3 67. Kxh2 Kd4 68. Kg3 Ke5 69. Nf2 Kd4 70. Kf4 Kc3 71. Ke3 Kc2 72. Be4+
Kc3 73. Nd1+ Kc4 74. Bd3+ Kd5 75. Nc3+ Ke5 76. Be4 Kd6 77. Kd4 Ke6 78. Nd5 Kf7
79. Ke5 Kg7 80. Nf4 Kf7 81. Bf5 Kg7 82. Bg4 Kf8 83. Kf6 Kg8 84. Ne6 Kh8 85. Nc5
Kg8 86. Bf5 Kh8 87. Bh3 Kg8 88. Kg6 Kh8 89. Nd7 Kg8 90. Kf6 Kh8 91. Nf8 Kg8 92.
Nd7 Kh8 93. Bf5 Kg8 94. Bg6 Kh8 95. Ne5 Kg8 96. Bf7+ Kh8 97. Ng6+ Kh7 98. Be6
Kh6 99. Bg8 Kh5 100. Kf5 Kh6 101. Kf6 Kh5 102. Be6 Kh6 103. Bg4 Kh7 104. Bh5
Kh6 105. Nf4 Kh7 106. Bg4 Kh8 107. Ng6+ Kg8 108. Bf5 Kh7 109. Ne5+ Kh8 110. Kg6
Kg8 111. Nd7 Kh8 1/2-1/2

[Event "Jm KP I 24-25 Jundrov C - Hustopece"]
[Site "?"]
[Date "2025.01.05"]
[Round "29.3"]
[White "Urban, Vlastimil"]
[Black "Ruzicka, Martin"]
[Result "0-1"]
[WhiteElo "1921"]
[BlackElo "1971"]
[PlyCount "134"]
[EventDate "2024.11.24"]

1. d4 d5 2. c4 c6 3. Nf3 Nf6 4. Qc2 g6 5. Nc3 Na6 6. Bg5 Bg7 7. cxd5 cxd5 8. e3
O-O 9. Qb3 e6 10. Ne5 Qa5 11. Qb5 Qxb5 12. Bxb5 Nc7 13. Ba4 a6 14. O-O Nce8 15.
Rac1 b5 16. Bd1 h6 17. Bh4 Nd6 18. b3 Nf5 19. Bg3 Nxg3 20. hxg3 Nd7 21. Nc6 Bf6
22. a4 Nb8 23. axb5 axb5 24. Nxb8 Rxb8 25. Be2 Bd7 26. Ra1 Rfc8 27. Rfc1 b4 28.
Na2 Be7 29. Rxc8+ Rxc8 30. Rc1 Rxc1+ 31. Nxc1 Bd6 32. Kf1 f6 33. f4 Kf7 34. Nd3
g5 35. Kf2 Kg6 36. Nb2 e5 37. dxe5 fxe5 38. Nd3 e4 39. Ne1 d4 40. exd4 Be6 41.
Bd1 gxf4 42. gxf4 Bxf4 43. Bc2 Bd5 44. g3 Bc1 45. Ng2 Kf5 46. Bd1 Ke6 47. Bc2
Kd6 48. Bd1 Be6 49. Nf4 Bf5 50. Be2 Bxf4 51. gxf4 Be6 52. Bd1 Bd5 53. Ke3 Ke6
54. Kf2 Kf5 55. Kg3 e3 56. Bc2+ Be4 57. Bd1 Ke6 58. Bf3 Kd5 59. f5 e2 60. Bxe2
Bxf5 61. Kf4 Bc2 62. Bc4+ Kxd4 63. Kg4 Bd1+ 64. Kh4 Kc3 65. Be6 Bxb3 66. Bf5
Bf7 67. Bb1 Kb2 0-1

[Event "Jm KP I 24-25 Jundrov C - Hustopece"]
[Site "?"]
[Date "2025.01.05"]
[Round "29.5"]
[White "Tovarek, Antonin"]
[Black "Kuchynka, Lubos"]
[Result "0-1"]
[WhiteElo "1986"]
[BlackElo "1944"]
[PlyCount "75"]
[EventDate "2024.11.24"]

1. e4 c5 2. Nf3 g6 3. d4 cxd4 4. Nxd4 Nc6 5. Be3 Bg7 6. Nc3 Nf6 7. Qd2 O-O 8.
Be2 d5 9. exd5 Nxd5 10. Nxc6 bxc6 11. Rd1 Bxc3 12. bxc3 Qa5 13. Bd4 Re8 14. f4
Ba6 15. Bxa6 Qxa6 16. Kf2 Qxa2 17. Rhe1 Qc4 18. f5 Nf6 19. Qg5 h6 20. Qg3 g5
21. h4 Qd5 22. Be5 Ne4+ 23. Rxe4 Qxe4 24. hxg5 Qxf5+ 25. Kg1 Qxg5 26. Qh2 Rad8
27. Rf1 Rd5 28. Bf4 Qh5 29. Qg3+ Kh7 30. Qe3 e6 31. Qxa7 Red8 32. Qe3 e5 33.
Bxh6 f5 34. Bg5 Rf8 35. Rf3 Kg6 36. Rg3 Qd1+ 37. Kf2 Qxc2+ 38. Qd2 0-1

[Event "Jm KP I 24-25 Jundrov C - Hustopece"]
[Site "?"]
[Date "2025.01.05"]
[Round "29.6"]
[White "Naplava, Petr"]
[Black "Rysanek, Jakub"]
[Result "0-1"]
[WhiteElo "1936"]
[BlackElo "1971"]
[PlyCount "94"]
[EventDate "2024.11.24"]

1. e4 e5 2. Nf3 Nc6 3. Bb5 Nf6 4. d3 d6 5. h3 Be7 6. O-O O-O 7. Re1 a6 8. Ba4
b5 9. Bb3 Na5 10. Nc3 c5 11. Nd5 Nxb3 12. Nxe7+ Qxe7 13. axb3 h6 14. Nh2 Nh7
15. f4 exf4 16. Bxf4 Bb7 17. Qg4 Kh8 18. Qg3 Rad8 19. e5 d5 20. Re2 d4 21. Rae1
Qe6 22. Ng4 Rg8 23. Bd2 Bd5 24. Nf2 Nf8 25. Ne4 Bxe4 26. Rxe4 Ng6 27. h4 Rde8
28. Ba5 Ne7 29. Qf2 Nf5 30. Bd2 Ne7 31. Ba5 b4 32. Bc7 Rc8 33. Bd6 Nf5 34. Qf4
g5 35. hxg5 Rxg5 36. R1e2 Ng3 37. Rf2 Nxe4 38. Qxe4 Rcg8 39. Rf6 Qh3 40. Rf2
Rg4 41. Qd5 Qe3 42. Kf1 Qc1+ 43. Ke2 Qxc2+ 44. Ke1 Qc1+ 45. Ke2 Qe3+ 46. Kf1
Qxd3+ 47. Ke1 Re4+ 0-1

[Event "Jm KP I 24-25 Jundrov C - Hustopece"]
[Site "?"]
[Date "2025.01.05"]
[Round "29.7"]
[White "Vojtek, Pavel"]
[Black "Sedy, Ctirad"]
[Result "1/2-1/2"]
[WhiteElo "1933"]
[BlackElo "1898"]
[PlyCount "44"]
[EventDate "2024.11.24"]

1. d4 c6 2. Nf3 d5 3. c4 Nf6 4. Nc3 g6 5. cxd5 Nxd5 6. e4 Nxc3 7. bxc3 Bg7 8.
Bf4 O-O 9. Rb1 c5 10. Qd2 cxd4 11. cxd4 Nc6 12. d5 Na5 13. Rc1 b6 14. Bc7 Qd7
15. Qb4 Bb7 16. Bb5 Qg4 17. O-O Bxd5 18. Rfe1 Be6 19. Qxe7 Rfc8 20. Ng5 Bf8 21.
Qf6 Bg7 22. Qe7 Bf8 1/2-1/2

[Event "Jm KP I 24-25 Jundrov C - Hustopece"]
[Site "?"]
[Date "2025.01.05"]
[Round "29.8"]
[White "Sknouril, Jakub"]
[Black "Velim, Vojtech"]
[Result "1-0"]
[WhiteElo "1993"]
[BlackElo "1901"]
[PlyCount "37"]
[EventDate "2024.11.24"]

1. Nf3 Nf6 2. c3 b6 3. d4 Bb7 4. Bf4 e6 5. Nbd2 Be7 6. e3 c5 7. Bd3 Nc6 8. O-O
O-O 9. Nc4 d6 10. Qe2 Rc8 11. Rad1 cxd4 12. exd4 Qd7 13. Rfe1 Rfd8 14. Ne3 Bf8
15. Bg5 Be7 16. d5 Nb8 17. Bb5 Qc7 18. dxe6 fxe6 19. Nd4 1-0

[Event "Jm KP I 24-25 Veseli - Duras B"]
[Site "?"]
[Date "2025.01.05"]
[Round "30.1"]
[White "Uricar, Jakub"]
[Black "Vyskocil, Neklan"]
[Result "0-1"]
[WhiteElo "2119"]
[BlackElo "2260"]
[PlyCount "51"]

1. b3 e5 2. Bb2 Nc6 3. e4 Nf6 4. Nc3 Bc5 5. Bc4 5... d6 {[%emt 0:00:00]} 6. h3
a6 7. a4 Nd4 8. Nf3 O-O 9. O-O c6 10. Re1 Bd7 11. a5 Nxf3+ 12. Qxf3 Bb4 13. Qd3
Ne8 14. f4 Bxa5 15. Qg3 Bb6+ 16. Kh1 Bd4 17. fxe5 Bxe5 18. Qf2 Qg5 19. Rf1 Nf6
20. d4 Ng4 21. Bxf7+ Kh8 22. Qe2 Bxd4 23. Bc1 Qe7 24. Qf3 Ne5 25. Qg3 Rxf7 26.
Bg5 0-1

[Event "Jm KP I 24-25 Veseli - Duras B"]
[Site "?"]
[Date "2025.01.05"]
[Round "30.2"]
[White "Novy, Martin"]
[Black "Hudecek, Jan"]
[Result "1/2-1/2"]
[WhiteElo "2085"]
[BlackElo "2172"]
[PlyCount "30"]

1. e4 Nf6 2. Nc3 d5 3. exd5 Nxd5 4. Bc4 Nxc3 5. Qf3 e6 6. Qxc3 c5 7. Nf3 Nc6 8.
O-O Nd4 9. Nxd4 Qxd4 10. Qxd4 cxd4 11. c3 Bc5 12. b4 Bb6 13. Bb2 dxc3 14. dxc3
Bd7 15. Bb3 O-O 1/2-1/2